000 00780nam a2200229 a 4500
999 _c1809
_d1809
001 1809
003 BD-JhCC
005 20171107134544.0
008 171024s1969 bg ||||| |||| 00| 0 ben d
035 _a(BD-JhCC)1809
040 _aBD-JhCC
_dBD-JhCC
041 _aben
082 _a813
_bCHA 1969
100 _aচেজ, মেরী এলেন
245 _aবস্টনের পথে /
_bমেরী এলেন চেজ :
_cডক্টর নীলিমা ইব্রাহিম
260 _aঢাকা :
_b বুক ভিলা
_c1969.
300 _a89 P. :
_c21 cm.
650 _aPolish Americans
700 _aচেজ, মেরী এলেন
_qইব্রাহিম, ডক্টর নীলিমা
942 _2ddc
_cBK